Adiós a Ruibarbo y otros cuentos

保存先:
書誌詳細
第一著者: Blanco, Guillermo (著者)
フォーマット: 図書
言語:スペイン語
出版事項: Santiago Andrés Bello 1985
シリーズ:Club de lectores Andrés Bello
主題:
タグ: タグ追加
タグなし, このレコードへの初めてのタグを付けませんか!

MARC

LEADER 00000nam a2200000 a 4500
001 UCH6928
003 CL-VaPUC
008 091109e19850000CL |||||||||||||||||spa|d
082 0 4 |a Ch863  |b BLA  |2 21 
100 0 |a Blanco, Guillermo  |e author  |9 518527 
245 1 0 |a Adiós a Ruibarbo y otros cuentos 
300 |a 90 p 
942 |c BK 
945 |d 20091109 00:00:00  |a lazolas 
260 |a Santiago  |b Andrés Bello  |c 1985 
650 0 |a Cuentos chilenos   |9 308280 
583 |a last modification  |c 20091109 00:00:00  |k Rodrigo Vera 
490 0 |a Club de lectores Andrés Bello 
999 |c 337723  |d 337721